| 000 | 00662nam a2200205Ia 4500 | ||
|---|---|---|---|
| 003 | GCL | ||
| 008 | 140319s9999 xx 000 0 ara d | ||
| 020 | _a8153294977 | ||
| 040 |
_aGCL / _cGCL |
||
| 082 | 0 | 4 |
_a239.7 _bم ب |
| 100 | 1 | _aمأمون غريب | |
| 245 | 1 | 0 |
_aبطلة كربلاء السيدة زينب رضى الله عنها / _cمأمون غريب |
| 250 | _aالاولى | ||
| 260 |
_aالقاهرة : _bمركز الكتاب للنشر ، _c1999 |
||
| 300 |
_a167 ص ؛ _c19 سم |
||
| 650 | 0 | 4 | _aكربلاء |
| 650 | 0 | 4 | _aالسيدة زينب |
| 650 | 0 | 4 | _aاهل بيت الرسول صلى الله عليه وسلم |
| 942 |
_2ddc _cBK |
||
| 999 |
_c5978 _d5978 |
||